A construção de um compilador /
Guardado en:
| Autor Principal: | |
|---|---|
| Autor Corporativo: | |
| Otros Autores: | |
| Formato: | Libro |
| Idioma: | Portuguese |
| Publicado: |
Campinas :
[IMECC-UNICAMP],
1981.
|
| Etiquetas: |
Agregar Etiqueta
Sin Etiquetas, Sea el primero en etiquetar este registro!
|
| LEADER | 00825nam a22001935a 4500 | ||
|---|---|---|---|
| 001 | MAT.inmabb005295 | ||
| 008 | 081002s1981####bl#######b####001#0#por#d | ||
| 005 | 20160622171424.0 | ||
| 245 | 1 | 2 | |a A construção de um compilador / |c Valdemar W. Setzer, Inês S. Homem de Melo. |
| 260 | |a Campinas : |b [IMECC-UNICAMP], |c 1981. | ||
| 300 | |a 2 v. (iv, 343 p.) ; |c 23 cm. | ||
| 500 | |a "Segunda Escola de Computação, Instituto de Matemática, Estatística e Ciência da Computação da UNICAMP, Campinas, 1981". | ||
| 504 | |a Incluye referencias bibliográficas. | ||
| 100 | 1 | |a Setzer, Valdemar W. | |
| 700 | 1 | |a Melo, Inês S. Homem de. | |
| 711 | 2 | |a Escola de Computação |n (2a. : |d 1981 : |c Campinas) | |
| 084 | |a 68N20 |2 msc2000 | ||
| 859 | |h 68 |i Se495 |p A-6994 |v 1 |3 Parte 1 |b BIB. MATEMATICA | ||
| 859 | |h 68 |i Se495 |p A-6995 |v 2 |3 Parte 2 |b BIB. MATEMATICA | ||
